| 000 | 00476nam a2200169Ia 4500 | ||
|---|---|---|---|
| 999 |
_c24497 _d24497 |
||
| 003 | OSt | ||
| 005 | 20201230141625.0 | ||
| 008 | 190216s9999||||xx |||||||||||||| ||und|| | ||
| 040 |
_coclc _doclc |
||
| 082 |
_a610 _bABD/P |
||
| 100 |
_aAbdulla, Mundol _97995 |
||
| 245 | 0 |
_aPramehatheppatti Ariyuka / _cMundol Abdulla |
|
| 260 |
_bNbs Kottayam, _aKottayam: _c1968. |
||
| 300 | _a163p | ||
| 650 | _aMalayalam | ||
| 942 |
_cBK _2ddc _h610 _iABD/P _k610 _mABD/P |
||